书目信息 |
| 题名: |
外国成人教育
|
|
| 作者: | 孙世路 编著 | |
| 分册: | ||
| 出版信息: | 北京 教育科学出版社 1982 |
|
| 页数: | 156页 | |
| 开本: | 19cm | |
| 丛书名: | ||
| 单 册: | ||
| 中图分类: | G77 | |
| 科图分类: | ||
| 主题词: | 成人教育--概况--外国 , 教育--类型 | |
| 电子资源: | ||
| ISBN: | ||
| 000 | 00652nam0 2200253 45 | |
| 001 | 0182001474 | |
| 005 | 20040429162252.7 | |
| 010 | @dCNY0.47 | |
| 091 | @a7232.115 | |
| 100 | @a19950413d1982 emky0chiy0121 ea | |
| 101 | 0 | @achi |
| 102 | @aCN@b110000 | |
| 105 | @ay z 000yy | |
| 106 | @ar | |
| 200 | 10 | @a外国成人教育@Awai guo cheng ren jiao yu@f孙世路编著 |
| 210 | @a北京@c教育科学出版社@d1982 | |
| 215 | @a156页@d19cm | |
| 606 | @a成人教育@x概况@y外国 | |
| 606 | 0 | @a教育@x类型 |
| 690 | @aG77 | |
| 701 | 0 | @a孙世路@Asun shi lu@4编著 |
| 801 | 0 | @aCN@b上海图书馆@c20040429 |
| 801 | 2 | @aCN@bNLC@c20040429 |
| 905 | @f2@b104405-406@dG77@e1 | |
| 外国成人教育/孙世路编著.-北京:教育科学出版社,1982 |
| 156页;19cm |
| ISBN :CNY0.47 |
| ● |
| 相关链接 |
|
|
|
|
正题名:外国成人教育
索取号:G77/1
 
预约/预借
| 序号 | 登录号 | 条形码 | 馆藏地/架位号 | 状态 | 备注 |
| 1 | 0104405 | 000295683 | 第四借阅区/ [索取号:G77/1] | 在馆 | |
| 2 | 0104406 | 000295665 | 第四借阅区/ [索取号:G77/1] | 在馆 | |
| 3 | 0104407 | 000295674 | 第一样本阅览室/ [索取号:G77/1] | 在馆 |